| 000 | 01453ncm0a2200373 4500 | ||
|---|---|---|---|
| 001 | RU\NLR\ONIZ\208614 | ||
| 005 | 20250624194928.0 | ||
| 010 | _a978-5-7140-1034-7 | ||
| 021 |
_aRU _b07-303 _907-17 |
||
| 035 | _aRU\NLR\ONIZ\GALA\5000015487\20150202193723 | ||
| 035 | _a(NLR Aleph) 010889489 | ||
| 071 | 2 | 0 | _a15043 |
| 090 |
_a10544417 _c10544417 |
||
| 100 | _a20150202d2007 |||y0rusy50 ca | ||
| 101 | 0 | _arus | |
| 102 | _aRU | ||
| 125 | _aax | ||
| 200 | 1 |
_aПервые шаги маленького пианиста _bНоты _eпесенки, пьесы, этюды и ансамбли для первых лет обучения _fсост. Г. Баранова, А. Четверухина |
|
| 210 |
_aМосква _cМузыка _d2007 |
||
| 215 |
_a128 с. _d29 см |
||
| 686 |
_aЩ954.291(2Р=Р) _vLBC/SL _2rubbk |
||
| 700 | 1 |
_9z03790 _aБаранова _bГ. А. _gГлафира Андреевна _4220 |
|
| 702 | 1 |
_9z02790 _aЧетверухина _bА. И. _gАлександра Ильинична _4220 |
|
| 790 | 1 |
_9z02702 _aChetveruxina _bA. I. _gAleksandra Il`inichna _4220 |
|
| 790 | 1 |
_9z03700 _aBaranova _bG. A. _gGlafira Andreevna _4220 |
|
| 801 | 0 |
_aRU _bNLR _c20150202 _gPSBO |
|
| 801 | 1 |
_aRU _bNLR _c20150202 _2rusmarc |
|
| 801 | 2 |
_aRU _bNLR _c20190630 |
|
| 852 |
_aNLR _bМ _jК-3/25025 _pМОЭ 2007-17/303 _t1 |
||
| 852 |
_aNLR _bМ _jК-3/25025а _pМОЭ 2007-17/303а _t2 |
||
| 942 | _cSCORE | ||
| 980 | _aNB | ||
| 980 | _aONIZ | ||